Derecho a la salud y juicio de amparo /

Guardado en:
Autor Principal: Gozaíni Osvaldo A.
Formato: Libro
Idioma:Undetermined
Publicado: Santa Fe : Rubinzal - Culzoni, 2022.
Edición:1a. ed.
Materias:
Etiquetas: Agregar Etiqueta
Sin Etiquetas, Sea el primero en etiquetar este registro!
LEADER 00736nam a22002295a 4500
001 DER.der014943
008 231207s2022####ag############000#0#und#d
005 20250529132744.0
245 1 0 |a Derecho a la salud y juicio de amparo /  |c Osvaldo A. Gozaíni. 
250 |a 1a. ed. 
260 |a Santa Fe :  |b Rubinzal - Culzoni,  |c 2022. 
300 |a 428 p. 
020 |a 9789873035135 
100 1 |a Gozaíni Osvaldo A. 
650 7 |a AMPARO COLECTIVO 
650 7 |a CONVENCION AMERICANA SOBRE DERECHOS HUMANOS 
650 7 |a SISTEMA INTERAMERICANO DE DERECHOS HUMANOS 
650 7 |a DERECHOS ECONÓMICOS 
650 7 |a DERECHOS SOCIALES 
650 7 |a DERECHOS CULTURALES 
650 7 |a DERECHOS AMBIENTALES 
859 |a DERECHO  |b BIB. DERECHO  |h 347.04  |i GOZ  |p 0010599